LEADER 00986nam0 22002411i 450 001 UON00446077 005 20231205105016.927 100 $a20141030d1988 |0itac50 ba 101 $apor 102 $aPT 105 $a|||| 1|||| 200 1 $aˆO ‰Príncipe imperfeito$eUma Ópera em um Prólogo e um Acto no universo dos contos tradicionais portugueses$fClara Pinto Correia$gextratextos de Graça Morais 210 $aLisboa$cEdições Rolim$d1988 215 $a62 p.$cill.$d21 cm. 620 $aPT$dLisboa$3UONL003135 700 1$aCORREIA$bClara Pinto$3UONV212847$0708997 712 $aEdições Rolim$3UONV276331$4650 801 $aIT$bSOL$c20240220$gRICA 899 $aSIBA - SISTEMA BIBLIOTECARIO DI ATENEO$2UONSI 912 $aUON00446077 950 $aSIBA - SISTEMA BIBLIOTECARIO DI ATENEO$dSI Port II 0100 $eSI LO 38517 7 0100 $sBuono 996 $aPríncipe imperfeito$91331142 997 $aUNIOR LEADER 01100nam 2200301z- 450 001 9910689616403321 005 20231212221747.0 035 $a(CKB)4920000000790426 035 $a(BIP)011007395 035 $a(EXLCZ)994920000000790426 100 $a20220104c2004uuuu -u- - 101 0 $aeng 200 14$aThe Middle East $erethinking the road map : hearing before the Committee on Foreign Relations, United States Senate, One Hundred Eighth Congress, second session, February 24, 2004 215 $a1 online resource (iii, 65 p.) 311 08$a0-16-071842-2 517 $aMiddle East 606 $aArab-Israeli conflict$y1993-$xPeace 606 $aAl-Aqsa Intifada, 2000-2005 607 $aIsrael$xForeign relations$zUnited States 607 $aUnited States$xForeign relations$zIsrael 607 $aPalestine$xForeign relations$zUnited States 607 $aUnited States$xForeign relations$zPalestine 615 0$aArab-Israeli conflict$xPeace. 615 0$aAl-Aqsa Intifada, 2000-2005. 906 $aBOOK 912 $a9910689616403321 996 $aMIDDLE East$9653264 997 $aUNINA LEADER 02022nam0 2200421 i 450 001 PAL0210575 005 20251003044307.0 010 $a9788877587916 100 $a20080403d2008 ||||0itac50 ba 101 | $aita 102 $ait 181 1$6z01$ai $bxxxe 182 1$6z01$an 200 1 $aRisanamento di murature umide e degradate$emanuale, guida progettuale, soluzioni$fEdgardo Pinto Guerra 210 $aPalermo$cD. Flaccovio$d2008 215 $aXI, 225 p.$cill.$d24 cm 300 $aBibliografia: p. [221]. 606 $aMurature$xUmidità$2FIR$3NAPC151189$9I 606 $aMurature$xRisanamento$2FIR$3CFIC107603$9I 676 $a690.24$9Manutenzione e restauro nell'edilizia$v21 676 $a693$9COSTRUZIONI IN SPECIFICI TIPI DI MATERIALI E PER SPECIFICI SCOPI$v14 676 $a693.21$9Costruzione in specifici tipi di materiale e per specifici scopi. Materiali di terra stabilizzata. Mattoni$v22 696 $aMuratura 696 $aMuratura$aRisanamento economico 699 $aMurature$yMuratura 699 $aMurature$yMuratura 699 $aRisanamento$yRisanamento economico 700 1$aPinto Guerra$b, Edgardo$3REAV096429$4070$0447844 801 3$aIT$bIT-000000$c20080403 850 $aIT-BN0095 901 $bNAP 01$cDOCENTI $nComprende testi acquistati con fondi assegnati ai docenti del DSGA 901 $bNAP 01$cSALA $n$ 901 $bNAP 01$cSALA DING $n$ 912 $aPAL0210575 950 0$aBiblioteca Centralizzata di Ateneo$b1 v. in due copie$cv. 1-1 bis$d 01DOCENTI 693 PIN.ri$e 0104 0000010305 VMA (bis 1 v. (2 copia)$fY $h20080822$i20080822$c1 v.$d 01SALA 693 PIN.ri$e 0104 0000010295 VMA 1 v.$fA $h20080822$i20080822$b1 v.$c1 v.$d 01SALA DING 693 PIN.ri$e 0102 0000069985 VMA A4 1 v.$fY $h20081021$i20081021 977 $a 01 996 $aRisanamento di murature umide e degradate$9104388 997 $aUNISANNIO